{"text_format":"1","workbook":"xlsx","n_sheets":2,"sheets":["报价单","Sheet1"],"not_rendered":{"charts":0,"images":0,"macros":0,"external_links":0,"defined_names":0,"comments":0,"pivot_tables":0},"unopened":[],"bounds":{"document_bytes":16777216,"sheet_cells":100000,"rows_first":2000,"rows_last":500,"rows_between":2000,"halvings":0,"cell_chars":16384,"cell_head_chars":4096},"cells_cut":0,"cells_raw":0,"read":"whole","date_system":"1900"}

{"sheet":"报价单","index":0,"n_rows":18,"n_cols":8,"rows_kept":18,"cut":false,"hidden":true,"merged":[[0,0,0,7],[6,0,7,0],[11,0,13,0],[11,1,13,1],[6,2,7,2],[6,3,7,3],[11,3,13,3],[6,4,7,4],[11,4,13,4],[6,5,7,5],[11,5,13,5],[6,6,7,6],[11,6,13,6],[6,7,7,7],[11,7,13,7]]}
["报价清单表 "]
["序号","商品名称","参数","单位","数量","单价（元）","合计（元）","品牌"]
[1,"按钮","86型墙壁大板按钮","个",4,30,{"$f":"E3*F3","v":120},"微耕"]
[2,"磁力锁","600s","个",1,280,280,"微耕"]
[3,"电源空开","DZ47-2P16A","个",8,50,400,"微耕"]
[4,"电源线","铜芯2*1","米",521,4,2084,"金成"]
[5,"四门单向网络型控制板","云控制器-四门单向控制,4万用户管理权限,10万条脱机存储记录,220V转12V5A供电，功耗小于200毫安，TCP/IP局域网广域网联网控制,可外接4个读头输入格式：Wiegand 26-66 bit，含机箱电源（带BAT后备电池接口）","个",8,1150,9200,"微耕"]
[null,"（含机箱电源）"]
[6,"门禁电源","JXDY（网络版）","个",2,500,{"$f":"E9*F9","v":1000},"微耕"]
[7,"门禁电源","Dy05","个",3,285,855,"微耕"]
[8,"密码门禁机",null,"个",5,490,2450,"微耕"]
[9,"密码门禁机（防复制IC触摸密码读卡器 ）","国秘标准","个",30,490,14700,"微耕"]
[null,null,"国际标准wiegand 26/34bits 格式输出， 触摸密码键盘，传输距离可达100米， 感应距离4-8CM，带声光控制，防错接保护，抗干扰，抗衰减设计，尺寸规格：113mm*75mm*16mm,防手机NFC复制，IC复制器复制。"]
[null,null,"附带包含2个轿厢内呼设备（IC读卡器防复制）、1个防复制USB台式IC发卡器及100张国秘型IC卡。"]
[10,"千兆交换机","8口","个",3,145,{"$f":"E15*F15","v":435},"微耕"]
[11,"网线","超6类","米",1296,8,{"$f":"F16*E16","v":10368},"金成"]
[12,"消防联动信号线","铜芯2*1.5","米",69,3,{"$f":"E17*F17","v":207},"金成"]
[null,null,null,null,null,null,{"$f":"SUM(G3:G17)","v":42099}]

{"sheet":"Sheet1","index":1,"n_rows":0,"n_cols":0,"rows_kept":0,"cut":false,"hidden":false,"merged":[]}